| 000 | 01784nam a22003017a 4500 | ||
|---|---|---|---|
| 999 |
_c15950 _d15950 |
||
| 005 | 20251125232844.0 | ||
| 008 | s2529 th tha d | ||
| 040 | _aNALT | ||
| 041 | _atha | ||
| 245 | 1 | 0 | _aความรู้ชุดกฎหมายชาวบ้าน ปี 2529 เล่ม 7 |
| 260 | 3 |
_aกรุงเทพฯ : _bกองวิชาการ กรมประชาสัมพันธ์, _c2529 |
|
| 300 |
_a185 หน้า ; _b 18 ซม. |
||
| 650 | 0 | 4 | _aหนังสือรับรอง |
| 650 | 0 | 4 | _aกฎหมายแพ่งและพาณิชย์ -- ประกันภัย -- คำถามและคำตอบ |
| 650 | 0 | 4 | _aกฎหมายแพ่งและพาณิชย์ -- จำนอง -- คำถามและคำตอบ |
| 650 | 0 | 4 | _aกฎหมายที่ดิน |
| 650 | 0 | 4 | _aกฎหมายแพ่งและพาณิชย์ -- จำนำ -- คำถามและคำตอบ |
| 650 | 0 | 4 | _aกฎหมาย -- คำถามและคำตอบ |
| 650 | 0 | 4 | _aการกู้ยืม -- คำถามและคำตอบ |
| 650 | 0 | 4 | _aกฎหมายแพ่งและพาณิชย์ -- สัญญา -- คำถามและคำตอบ |
| 650 | 0 | 4 | _aกฎหมายแพ่งและพาณิชย์ -- พินัยกรรม -- คำถามและคำตอบ |
| 650 | 0 | 4 | _aหมิ่นประมาท -- คำถามและคำตอบ |
| 850 | _aNALT | ||
| 856 | 4 | 0 | _uhttps://hdl.handle.net/20.500.14156/449028 |
| 942 |
_cLB _2lcc |
||
| 998 |
_j25 _k นีลวัสน์ อินทรักษา |
||
| 090 | _aKC33 ป238ค 2529 ล.7 | ||